| 000 | 00652nam a2200205 a 4500 | ||
|---|---|---|---|
| 005 | 20210223125242.0 | ||
| 008 | 040121s1999 es r 000 0 spa d | ||
| 020 | _a848239309X | ||
| 035 | _aUPN01000131464 | ||
| 049 | _aCG | ||
| 050 | 4 |
_aLC3993 _bR4.3 |
|
| 100 | 1 | _aRegadera López, Agustín | |
| 245 | 1 | 1 |
_a¿Es mi hijo superdotado o inteligente? : _bpara padres y profesores / _cAgustín Regadera López. |
| 260 |
_aMadrid : _bPalabra, _c1999. |
||
| 300 | _a252 p. | ||
| 440 | 0 |
_aHacer familia ; _v47. _pSerie C : educación temprana |
|
| 650 | 4 |
_aNIÑOS SUPERDOTADOS - _xEDUCACION _919035 |
|
| 650 | 4 |
_aNIÑOS TALENTOSOS _913289 |
|
| 905 | _aLibro | ||
| 999 |
_c103619 _d103619 |
||